[Event "Titled Tuesday intern op 26th Sep Early"]
[Site "Chess.com INT"]
[Date "2023.09.26"]
[Round "6"]
[White "Molina, Roberto Junio Brito"]
[Black "Kaiyrbekov, Rustam"]
[Result "0-1"]
[WhiteElo "2381"]
[BlackElo "2295"]
[PlyCount "66"]
[EventDate "2023.09.26"]
[EventType "swiss (blitz)"]
[EventRounds "11"]
[EventCountry "USA"]
[SourceTitle "EXT 2024"]
[Source "ChessBase"]
[SourceDate "2023.10.10"]
[SourceVersion "1"]
[SourceVersionDate "2023.10.10"]
[SourceQuality "1"]

1. d4 Nf6 2. c4 e6 3. Nf3 Bb4+ 4. Bd2 Bxd2+ 5. Qxd2 b6 6. Nc3 Bb7 7. e3 0-0 8. Be2 Ne4 9. Nxe4 Bxe4 10. 0-0 d6 11. Qc3 Nd7 12. Nd2 Bb7 13. Bf3 Bxf3 14. Nxf3 f5 15. d5 e5 16. Nd2 Qh4 17. f4 Rae8 18. g3 Qg4 19. Rae1 Rf6 20. fxe5 Nxe5 21. Qd4 Qh5 22. e4 Ng4 23. Re2 fxe4 24. Rxf6 Nxf6 25. Qe3 Ng4 26. Qd4 e3 27. Nf1 a5 28. b3 Qh3 29. Qd1 Rf8 30. Nxe3 Nxh2 31. Rxh2 Qxg3+ 32. Rg2 Qxe3+ 33. Kh2 Rf3 0-1

[Event "Titled Tuesday intern op 10th Jan Early"]
[Site "Chess.com INT"]
[Date "2023.01.10"]
[Round "9"]
[White "Kaiyrbekov, Rustam"]
[Black "Souza, Gustavo Horokoski"]
[Result "0-1"]
[WhiteElo "2338"]
[BlackElo "1943"]
[PlyCount "92"]
[EventDate "2023.01.10"]
[EventType "swiss (blitz)"]
[EventRounds "11"]
[EventCountry "USA"]
[SourceTitle "EXT 2024"]
[Source "ChessBase"]
[SourceDate "2023.10.10"]
[SourceVersion "1"]
[SourceVersionDate "2023.10.10"]
[SourceQuality "1"]

1. c4 Nf6 2. Nc3 g6 3. e4 d6 4. d4 Bg7 5. f4 c5 6. e5 dxe5 7. fxe5 Nfd7 8. e6 fxe6 9. Qg4 Nf6 10. Qf4 Qxd4 11. Nf3 Qxf4 12. Bxf4 Nc6 13. Nb5 0-0 14. Be2 Ne4 15. Be3 b6 16. 0-0 Bxb2 17. Rad1 Bg7 18. Ng5 Nxg5 19. Bxg5 Nd4 20. Nxd4 Bxd4+ 21. Kh1 Rxf1+ 22. Rxf1 Bd7 23. Bxe7 Re8 24. Bd6 e5 25. Bf3 e4 26. Re1 exf3 27. Rxe8+ Bxe8 28. gxf3 Bf7 29. Bb8 Bxc4 30. Bxa7 b5 31. Kg2 Bxa2 32. Kf1 b4 33. Ke2 b3 34. Bxc5 b2 35. Bxd4 b1Q 36. Ke3 Bc4 37. Kf4 Qd3 38. Ke5 Qe2+ 39. Kd6 Qxf3 40. Be5 Qd5+ 41. Ke7 Qxe5+ 42. Kd8 Bb5 43. Kc8 Qc5+ 44. Kb7 Qc6+ 45. Kb8 Ba6 46. h4 Qb7# 0-1

[Event "Titled Tuesday intern op 10th Jan Early"]
[Site "Chess.com INT"]
[Date "2023.01.10"]
[Round "7"]
[White "Kaiyrbekov, Rustam"]
[Black "Winkels, Marcel"]
[Result "0-1"]
[WhiteElo "2338"]
[BlackElo "1957"]
[PlyCount "62"]
[EventDate "2023.01.10"]
[EventType "swiss (blitz)"]
[EventRounds "11"]
[EventCountry "USA"]
[SourceTitle "EXT 2024"]
[Source "ChessBase"]
[SourceDate "2023.10.10"]
[SourceVersion "1"]
[SourceVersionDate "2023.10.10"]
[SourceQuality "1"]

1. c4 Nf6 2. d4 g6 3. Nc3 d5 4. Nf3 Bg7 5. g3 c6 6. Bg2 0-0 7. 0-0 dxc4 8. e4 b5 9. e5 Nd5 10. b3 Nxc3 11. Qc2 Nd5 12. bxc4 bxc4 13. Qxc4 Ba6 14. Qc2 Bxf1 15. Bxf1 Qb6 16. Rb1 Qc7 17. Bd2 Nd7 18. Bg2 N7b6 19. Rc1 Rac8 20. Ba5 Qb7 21. Rb1 Qa6 22. Be1 Qc4 23. Qd2 Rb8 24. Bf1 Qa4 25. Rb2 Nc4 26. Bxc4 Rxb2 27. Qxb2 Qxc4 28. Nd2 Qe2 29. Qc1 Bh6 30. f4 Ne3 31. Ne4 Qg2# 0-1

[Event "Titled Tuesday intern op 19th Apr Early"]
[Site "Chess.com INT"]
[Date "2022.04.19"]
[Round "9"]
[White "Alimpic, Aleksa"]
[Black "Kaiyrbekov, Rustam"]
[Result "1-0"]
[WhiteElo "2234"]
[BlackElo "2338"]
[PlyCount "111"]
[EventDate "2022.04.19"]
[EventType "swiss (blitz)"]
[EventRounds "11"]
[EventCountry "USA"]
[SourceTitle "EXT 2023"]
[Source "ChessBase"]
[SourceDate "2022.10.05"]
[SourceVersion "1"]
[SourceVersionDate "2022.10.05"]
[SourceQuality "1"]

1. Nf3 d5 2. c4 d4 3. g3 c5 4. Bg2 Nc6 5. 0-0 e5 6. d3 f5 7. e3 e4 8. Ne1 Nf6 9. exd4 cxd4 10. Bg5 Qe7 11. Bxf6 gxf6 12. Qh5+ Kd8 13. dxe4 fxe4 14. Qd5+ Kc7 15. Qxe4 h5 16. Nd3 Bd7 17. Nd2 Re8 18. Rfe1 Qxe4 19. Nxe4 Bf5 20. Nf4 h4 21. Nd5+ Kc8 22. Nexf6 Rxe1+ 23. Rxe1 Bd6 24. a3 hxg3 25. hxg3 d3 26. b4 Ne5 27. c5 d2 28. Rd1 Bg4 29. Rxd2 Nf3+ 30. Kf1 Nxd2+ 31. Ke1 Nf3+ 32. Bxf3 Bxf3 33. cxd6 Bxd5 34. Nxd5 Rd8 35. Ne7+ Kd7 36. Nf5 Kc6 37. f4 Re8+ 38. Kf2 Kd7 39. Kf3 Rf8 40. g4 Rf6 41. Ke4 b6 42. g5 Rf8 43. Ke5 Re8+ 44. Kf6 Re6+ 45. Kf7 a6 46. g6 a5 47. bxa5 bxa5 48. g7 a4 49. g8Q Re7+ 50. dxe7 Kc6 51. Qc8+ Kd5 52. Qd7+ Kc4 53. e8Q Kb3 54. Qxa4+ Ka2 55. Qe2+ Ka1 56. Qad1# 1-0

[Event "Titled Tuesday intern op 19th Apr Early"]
[Site "Chess.com INT"]
[Date "2022.04.19"]
[Round "7"]
[White "Kaiyrbekov, Rustam"]
[Black "Musat, Adrian"]
[Result "0-1"]
[WhiteElo "2338"]
[BlackElo "2378"]
[PlyCount "90"]
[EventDate "2022.04.19"]
[EventType "swiss (blitz)"]
[EventRounds "11"]
[EventCountry "USA"]
[SourceTitle "EXT 2023"]
[Source "ChessBase"]
[SourceDate "2022.10.05"]
[SourceVersion "1"]
[SourceVersionDate "2022.10.05"]
[SourceQuality "1"]

1. c4 c5 2. Nc3 Nc6 3. Nf3 Nf6 4. d4 cxd4 5. Nxd4 Nxd4 6. Qxd4 d6 7. g3 g6 8. Bg2 Bg7 9. 0-0 0-0 10. e4 Ng4 11. Qd2 Ne5 12. b3 a6 13. Bb2 Rb8 14. f4 Qb6+ 15. Kh1 Ng4 16. Nd5 Qd8 17. Bxg7 Kxg7 18. h3 Nf6 19. f5 Nxd5 20. cxd5 f6 21. g4 g5 22. h4 h5 23. hxg5 hxg4 24. gxf6+ exf6 25. Qf4 Qb6 26. Qxg4+ Kf7 27. Qh5+ Ke7 28. Rf3 Bd7 29. Rh3 Rf7 30. Qg6 Rbf8 31. Rh7 Rxh7+ 32. Qxh7+ Rf7 33. Qg6 Qf2 34. Rf1 Qh4+ 35. Kg1 Rh7 36. Rf3 Qh2+ 37. Kf2 Bb5 38. Rg3 Qh4 39. Qg8 Qf4+ 40. Rf3 Qd2+ 41. Kg3 Qe1+ 42. Rf2 Rf7 43. Qc8 Rg7+ 44. Kf3 Qd1+ 45. Kf4 Rg4+ 0-1

[Event "Titled Tuesday intern op 19th Apr Early"]
[Site "Chess.com INT"]
[Date "2022.04.19"]
[Round "4"]
[White "Kaiyrbekov, Rustam"]
[Black "Sukandar, Irine Kharisma"]
[Result "0-1"]
[WhiteElo "2338"]
[BlackElo "2386"]
[PlyCount "74"]
[EventDate "2022.04.19"]
[EventType "swiss (blitz)"]
[EventRounds "11"]
[EventCountry "USA"]
[SourceTitle "EXT 2023"]
[Source "ChessBase"]
[SourceDate "2022.10.05"]
[SourceVersion "1"]
[SourceVersionDate "2022.10.05"]
[SourceQuality "1"]

1. c4 c5 2. Nc3 g6 3. Nf3 Bg7 4. d4 cxd4 5. Nxd4 Nc6 6. e3 Nf6 7. g3 0-0 8. Bg2 Qa5 9. 0-0 Qc5 10. b3 d6 11. Ncb5 Nxd4 12. exd4 Qb6 13. Be3 Ng4 14. Rc1 a6 15. Nc3 Nxe3 16. fxe3 Be6 17. Bd5 Rac8 18. Na4 Qa5 19. Bxb7 Rc7 20. Bg2 Bh6 21. Nc3 Bxe3+ 22. Kh1 Bxc1 23. Qxc1 Bxc4 24. bxc4 Rxc4 25. Rf3 Rfc8 26. Qf4 Rxc3 27. Qxf7+ Kh8 28. Rxc3 Qxc3 29. Bd5 Qxd4 30. Kg2 Rc2+ 31. Kh3 Rc8 32. Qxe7 Qxd5 33. Qf6+ Kg8 34. Qg5 Qxg5 35. g4 Rc3+ 36. Kg2 Qd2+ 37. Kg1 Rc1# 0-1

[Event "Titled Tuesday intern op 30th Nov"]
[Site "Chess.com INT"]
[Date "2021.11.30"]
[Round "4"]
[White "Kaiyrbekov, Rustam"]
[Black "Quirke, Jeffrey"]
[Result "0-1"]
[WhiteElo "2338"]
[BlackElo "2118"]
[PlyCount "90"]
[EventDate "2021.11.30"]
[EventType "swiss (blitz)"]
[EventRounds "11"]
[EventCountry "USA"]
[SourceTitle "CBM 205 Extra"]
[Source "ChessBase"]
[SourceDate "2022.01.31"]
[SourceVersion "1"]
[SourceVersionDate "2022.01.31"]
[SourceQuality "1"]

1. c4 e6 2. e4 c5 3. Nf3 Nc6 4. e5 d6 5. exd6 Nf6 6. d4 cxd4 7. Nxd4 Nxd4 8. Qxd4 Bxd6 9. c5 Bc7 10. Qxd8+ Bxd8 11. Bb5+ Bd7 12. Bxd7+ Nxd7 13. b4 Bf6 14. Bf4 Bxa1 15. Bd6 Be5 16. 0-0 Bxd6 17. cxd6 Rc8 18. Nd2 Nf6 19. Rd1 0-0 20. Nf3 Rfd8 21. Ne5 Rxd6 22. Re1 Rd2 23. g4 h6 24. h4 Rcc2 25. Rf1 Ne4 26. Nf3 Rxf2 27. Rxf2 Rxf2 28. g5 Rxf3 29. gxh6 gxh6 30. h5 Rf2 31. a4 Rb2 32. b5 b6 33. a5 bxa5 34. b6 axb6 35. Kf1 a4 36. Ke1 a3 37. Kd1 b5 38. Kc1 b4 39. Kd1 Kg7 40. Kc1 Kf6 41. Kd1 Ke5 42. Kc1 Kd4 43. Kd1 Kd3 44. Kc1 b3 45. Kd1 Rb1# 0-1

[Event "Titled Tuesday intern op 13th July"]
[Site "Chess.com INT"]
[Date "2021.07.13"]
[Round "3"]
[White "Bolanos, Fernando"]
[Black "Kaiyrbekov, Rustam"]
[Result "1-0"]
[WhiteElo "2287"]
[BlackElo "2338"]
[PlyCount "43"]
[EventDate "2021.07.13"]
[EventType "swiss (blitz)"]
[EventRounds "11"]
[EventCountry "USA"]
[SourceTitle "CBM 203 Extra"]
[Source "ChessBase"]
[SourceDate "2021.09.30"]
[SourceVersion "1"]
[SourceVersionDate "2021.09.30"]
[SourceQuality "1"]

1. e3 h5 2. Nf3 d5 3. d3 Nd7 4. Nbd2 e5 5. b3 f5 6. Bb2 e4 7. Nd4 Ne5 8. dxe4 fxe4 9. c4 Nd3+ 10. Bxd3 exd3 11. 0-0 Nf6 12. cxd5 Bd6 13. e4 Ng4 14. h3 Qh4 15. N2f3 Qf6 16. Qxd3 Be5 17. Rab1 Bd7 18. Nxe5 Nxe5 19. Qe2 0-0 20. f4 Ng6 21. Ne6 Bxe6 22. Bxf6 1-0

[Event "Titled Tuesday intern op 22nd June"]
[Site "Chess.com INT"]
[Date "2021.06.22"]
[Round "5"]
[White "Bryant, Todd C"]
[Black "Kaiyrbekov, Rustam"]
[Result "1-0"]
[WhiteElo "2069"]
[BlackElo "2338"]
[PlyCount "77"]
[EventDate "2021.06.22"]
[EventType "swiss (blitz)"]
[EventRounds "11"]
[EventCountry "USA"]
[SourceTitle "CBM 203 Extra"]
[Source "ChessBase"]
[SourceDate "2021.09.30"]
[SourceVersion "1"]
[SourceVersionDate "2021.09.30"]
[SourceQuality "1"]

1. e4 c5 2. Nf3 Nc6 3. d4 cxd4 4. Nxd4 Nf6 5. Nc3 e5 6. Ndb5 d6 7. Bg5 a6 8. Na3 b5 9. Bxf6 gxf6 10. Nd5 Bg7 11. Bd3 Be6 12. c3 f5 13. Nxb5 axb5 14. Bxb5 Bd7 15. exf5 Rb8 16. a4 0-0 17. 0-0 Ne7 18. f6 Nxd5 19. fxg7 Kxg7 20. Qxd5 Be6 21. Qd2 Rg8 22. Rfd1 d5 23. Qe3 Qf6 24. b4 e4 25. Bc6 Qg6 26. Bxd5 Bxd5 27. Rxd5 Kh8 28. g3 h5 29. Qc5 e3 30. Rxh5+ Kg7 31. Rg5 exf2+ 32. Kxf2 Rbd8 33. Rxg6+ fxg6 34. Re1 Rgf8+ 35. Kg2 Rd2+ 36. Kh3 Rh8+ 37. Kg4 Rhxh2 38. Re7+ Kh6 39. Qg5# 1-0

[Event "Titled Tuesday intern op 22nd June"]
[Site "Chess.com INT"]
[Date "2021.06.22"]
[Round "3"]
[White "Carlstedt, Jonathan"]
[Black "Kaiyrbekov, Rustam"]
[Result "1-0"]
[WhiteElo "2442"]
[BlackElo "2338"]
[PlyCount "87"]
[EventDate "2021.06.22"]
[EventType "swiss (blitz)"]
[EventRounds "11"]
[EventCountry "USA"]
[SourceTitle "CBM 203 Extra"]
[Source "ChessBase"]
[SourceDate "2021.09.30"]
[SourceVersion "1"]
[SourceVersionDate "2021.09.30"]
[SourceQuality "1"]

1. d4 Nf6 2. Bg5 Ne4 3. h4 Nxg5 4. hxg5 e5 5. dxe5 Qxg5 6. Nf3 Qe7 7. Nc3 Nc6 8. Nd5 Qd8 9. e3 d6 10. exd6 Bxd6 11. Bd3 Be6 12. Nf4 Bxf4 13. exf4 Qe7 14. Qe2 0-0-0 15. 0-0-0 Nd4 16. Nxd4 Rxd4 17. Qe3 Rhd8 18. f5 Qc5 19. fxe6 fxe6 20. Qxe6+ Kb8 21. Bf5 Rxd1+ 22. Rxd1 Rxd1+ 23. Kxd1 Qd4+ 24. Ke1 Qd8 25. Qd7 Qxd7 26. Bxd7 c6 27. Kd2 Kc7 28. Bf5 h6 29. Bd3 g5 30. Ke3 Kd6 31. Ke4 b5 32. Kf5 Kd5 33. Kg6 Kd4 34. Kxh6 c5 35. Kxg5 c4 36. Bh7 b4 37. f4 a5 38. f5 a4 39. f6 b3 40. cxb3 axb3 41. axb3 cxb3 42. f7 Ke3 43. f8Q Kd2 44. Qc5 1-0

[Event "Titled Tuesday intern op 08th June"]
[Site "Chess.com INT"]
[Date "2021.06.08"]
[Round "3"]
[White "Kaiyrbekov, Rustam"]
[Black "Kuderinov, Kirill"]
[Result "1-0"]
[WhiteElo "2338"]
[BlackElo "2409"]
[PlyCount "107"]
[EventDate "2021.06.08"]
[EventType "swiss (blitz)"]
[EventRounds "11"]
[EventCountry "USA"]
[SourceTitle "CBM 202 Extra"]
[Source "ChessBase"]
[SourceDate "2021.07.31"]
[SourceVersion "1"]
[SourceVersionDate "2021.07.31"]
[SourceQuality "1"]

1. c4 e5 2. Nc3 Nf6 3. Nf3 Nc6 4. g3 Bb4 5. Bg2 0-0 6. 0-0 d6 7. d4 exd4 8. Nxd4 Nxd4 9. Qxd4 Bc5 10. Qd2 Rb8 11. b3 Bf5 12. Bb2 Re8 13. Rad1 Qe7 14. e3 Ne4 15. Nxe4 Bxe4 16. Bxe4 Qxe4 17. b4 Bb6 18. c5 dxc5 19. Qc3 f6 20. bxc5 Rbc8 21. cxb6 cxb6 22. Qb3+ Kh8 23. Rd4 Qg6 24. Rd7 Rb8 25. Rc1 h6 26. Qd5 Rg8 27. Bd4 Qg5 28. Qf3 Kh7 29. h4 Qg6 30. h5 Qg5 31. Bxf6 Kh8 32. Bxg5 hxg5 33. h6 Kh7 34. hxg7 Rxg7 35. Qh5+ Kg8 36. Rxg7+ Kxg7 37. Rc7+ Kf6 38. Qf7+ Ke5 39. Re7+ Kd6 40. Qe6+ Kc5 41. Rc7+ Kb4 42. Qb3+ Ka5 43. a3 b5 44. Qb4+ Kb6 45. Qc5+ Ka5 46. Qb4+ Kb6 47. Rc5 a6 48. Rxg5 Rd8 49. Rg6+ Ka7 50. Qa5 Rd1+ 51. Kg2 Rd7 52. Qb6+ Kb8 53. Rg8+ Rd8 54. Rxd8# 1-0

[Event "Titled Tuesday intern op 25th May"]
[Site "Chess.com INT"]
[Date "2021.05.25"]
[Round "6"]
[White "Kaiyrbekov, Rustam"]
[Black "Alvarez Fernandez, Enrique"]
[Result "0-1"]
[WhiteElo "2338"]
[BlackElo "2349"]
[PlyCount "134"]
[EventDate "2021.05.25"]
[EventType "swiss (blitz)"]
[EventRounds "11"]
[EventCountry "USA"]
[SourceTitle "CBM 203 Extra"]
[Source "ChessBase"]
[SourceDate "2021.09.30"]
[SourceVersion "1"]
[SourceVersionDate "2021.09.30"]
[SourceQuality "1"]

1. c4 b5 2. e3 bxc4 3. Bxc4 Bb7 4. Nf3 e6 5. 0-0 g5 6. d4 g4 7. Ne5 h5 8. Qb3 Be4 9. f3 gxf3 10. Nxf3 Nf6 11. Ne5 Rg8 12. Rf2 Ng4 13. Re2 Nxe5 14. dxe5 Qh4 15. Nd2 Bc6 16. e4 Bc5+ 17. Kh1 Bf2 18. Nf3 Qg4 19. Rxf2 Bxe4 20. Bd2 Nc6 21. Rg1 h4 22. Ng5 Rxg5 23. Bxg5 h3 24. Qb7 hxg2+ 25. Rfxg2 Nxe5 26. Be2 Qxg2+ 27. Rxg2 Bxb7 28. Kg1 Bxg2 29. Kxg2 Rb8 30. b3 Rb4 31. Bf6 Re4 32. Bf3 Nxf3 33. Kxf3 Re1 34. Bh4 Ra1 35. a4 Ra2 36. Bg3 Ra3 37. Kg4 Rxb3 38. h4 Rb4+ 39. Kg5 Rxa4 40. h5 c5 41. h6 Ra3 42. Bh4 Kf8 43. h7 Kg7 44. h8Q+ Kxh8 45. Kf6 Rf3+ 46. Ke7 d5 47. Bf6+ Rxf6 48. Kxf6 d4 49. Ke5 a5 50. Ke4 f5+ 51. Kd3 e5 52. Kc4 e4 53. Kxc5 d3 54. Kd4 d2 55. Ke3 d1Q 56. Kf4 Qf3+ 57. Ke5 e3 58. Kf6 e2 59. Kf7 e1Q 60. Kg6 Qg4+ 61. Kf7 f4 62. Kf8 f3 63. Kf7 a4 64. Kf6 a3 65. Kf7 a2 66. Kf8 a1Q 67. Kf7 f2 0-1

[Event "Titled Tuesday intern op 18th May"]
[Site "Chess.com INT"]
[Date "2021.05.18"]
[Round "2"]
[White "Kaiyrbekov, Rustam"]
[Black "Abdisalimov, Abdimalik"]
[Result "0-1"]
[WhiteElo "2338"]
[BlackElo "2392"]
[PlyCount "48"]
[EventDate "2021.05.18"]
[EventType "swiss (blitz)"]
[EventRounds "11"]
[EventCountry "USA"]
[SourceTitle "CBM 202 Extra"]
[Source "ChessBase"]
[SourceDate "2021.07.31"]
[SourceVersion "1"]
[SourceVersionDate "2021.07.31"]
[SourceQuality "1"]

1. c4 c5 2. Nc3 g6 3. g3 Bg7 4. Bg2 Nc6 5. Nf3 e6 6. d4 Nxd4 7. Nxd4 cxd4 8. Nb5 d5 9. cxd5 Qa5+ 10. Bd2 Qxb5 11. a4 Qb6 12. a5 Qa6 13. dxe6 Bxe6 14. Qa4+ Bd7 15. Qb4 Qb5 16. Qd6 a6 17. Bb4 Qe5 18. Qb6 Qb5 19. Qd6 Rd8 20. Bd5 Be6 21. Bxe6 Rxd6 22. Bxf7+ Kxf7 23. Bxd6 Qxb2 24. 0-0 d3 0-1

[Event "Titled Tuesday intern op 09th Mar"]
[Site "Chess.com INT"]
[Date "2021.03.09"]
[Round "1"]
[White "Kaiyrbekov, Rustam"]
[Black "Seul, Georg"]
[Result "0-1"]
[WhiteElo "2338"]
[BlackElo "2372"]
[PlyCount "58"]
[EventDate "2021.03.09"]
[EventType "swiss (blitz)"]
[EventRounds "11"]
[EventCountry "USA"]
[SourceTitle "CBM 201 Extra"]
[Source "ChessBase"]
[SourceDate "2021.05.31"]
[SourceVersion "1"]
[SourceVersionDate "2021.05.31"]
[SourceQuality "1"]

1. c4 e5 2. Nc3 Nc6 3. Nf3 Nf6 4. g3 Bc5 5. Bg2 d6 6. 0-0 a6 7. a3 0-0 8. b4 Ba7 9. Bb2 Bg4 10. Nd5 Nxd5 11. cxd5 Ne7 12. e4 Qd7 13. Re1 f5 14. d4 fxe4 15. Rxe4 Qf5 16. Re3 Qh5 17. Qd3 e4 18. Qxe4 Nf5 19. Rb3 Rae8 20. Qd3 Ne7 21. Rf1 Nxd5 22. Nd2 Be2 23. Bxd5+ Qxd5 24. Qc3 Bxf1 25. Nxf1 Re7 26. Ne3 Qf3 27. d5 Bxe3 28. Qxg7+ Rxg7 29. Rxe3 Qxf2+ 0-1

[Event "Titled Tuesday intern op 16th Feb"]
[Site "Chess.com INT"]
[Date "2021.02.16"]
[Round "2"]
[White "Kaiyrbekov, Rustam"]
[Black "Estrada Nieto, Julian"]
[Result "0-1"]
[WhiteElo "2338"]
[BlackElo "2280"]
[PlyCount "88"]
[EventDate "2021.02.16"]
[EventType "swiss (blitz)"]
[EventRounds "11"]
[EventCountry "USA"]
[SourceTitle "EXT 2022"]
[Source "ChessBase"]
[SourceDate "2021.10.06"]
[SourceVersion "1"]
[SourceVersionDate "2021.10.06"]
[SourceQuality "1"]

1. c4 e5 2. Nc3 Nf6 3. Nf3 Nc6 4. g3 d5 5. cxd5 Nxd5 6. Bg2 Nb6 7. 0-0 Be7 8. d4 exd4 9. Nb5 Bf6 10. e3 d3 11. Nbd4 0-0 12. Nxc6 bxc6 13. Nd4 Bxd4 14. exd4 Bf5 15. Bxc6 Rb8 16. Qf3 Bg6 17. Bf4 Qxd4 18. Bxc7 Rbc8 19. Bf4 Qxb2 20. Be4 Bxe4 21. Qxe4 Qe2 22. Rfe1 Qxe4 23. Rxe4 Rfd8 24. Rae1 h6 25. Bd2 Rc2 26. Rd1 Nc4 27. Be3 Nxe3 28. Rxe3 d2 29. Re2 Rxa2 30. Kg2 Rc2 31. h4 h5 32. Kf3 a5 33. Ke3 Kh7 34. Rexd2 Rcxd2 35. Rxd2 Rxd2 36. Kxd2 Kg6 37. Kc3 Kf5 38. Kc4 Ke4 39. Kb5 Kf3 40. g4 hxg4 41. Kxa5 Kxf2 42. Kb5 g3 43. h5 g2 44. h6 gxh6 0-1

[Event "Titled Tuesday intern op 16th Feb"]
[Site "Chess.com INT"]
[Date "2021.02.16"]
[Round "5"]
[White "Kaiyrbekov, Rustam"]
[Black "Marcziter, Dmitrii"]
[Result "0-1"]
[WhiteElo "2338"]
[BlackElo "2243"]
[PlyCount "74"]
[EventDate "2021.02.16"]
[EventType "swiss (blitz)"]
[EventRounds "11"]
[EventCountry "USA"]
[SourceTitle "EXT 2022"]
[Source "ChessBase"]
[SourceDate "2021.10.06"]
[SourceVersion "1"]
[SourceVersionDate "2021.10.06"]
[SourceQuality "1"]

1. c4 g6 2. Nc3 Bg7 3. Nf3 d6 4. d4 Nf6 5. g3 0-0 6. Bg2 Nc6 7. e4 a6 8. 0-0 e5 9. d5 Ne7 10. Be3 Nd7 11. Qd2 Nc5 12. b4 Nd7 13. Bh6 Kh8 14. Bxg7+ Kxg7 15. h4 h6 16. h5 a5 17. a3 Nf6 18. hxg6 fxg6 19. Kh2 Bg4 20. Rh1 Neg8 21. b5 Nxe4 22. Nxe4 Bxf3 23. Bxf3 Rxf3 24. Kg2 Rf8 25. Rh3 Qe7 26. Rah1 g5 27. Qe2 Rf5 28. Qg4 Raf8 29. Rh5 Qf7 30. Nxg5 Rxf2+ 31. Kh3 hxg5 32. Rxg5+ Kf6 33. Rh2 Rxh2+ 34. Kxh2 Nh6 35. Qh4 Nf5 36. Qg4 Ke7 37. Kg2 Ne3+ 0-1

[Event "Titled Tuesday intern op 26th Jan"]
[Site "Chess.com INT"]
[Date "2021.01.26"]
[Round "4"]
[White "Kaiyrbekov, Rustam"]
[Black "Garcia Garcia, Alejandro"]
[Result "0-1"]
[WhiteElo "2338"]
[BlackElo "2247"]
[PlyCount "86"]
[EventDate "2021.01.26"]
[EventType "swiss (blitz)"]
[EventRounds "11"]
[EventCountry "USA"]
[SourceTitle "CBM 200 Extra"]
[Source "ChessBase"]
[SourceDate "2021.03.31"]
[SourceVersion "1"]
[SourceVersionDate "2021.03.31"]
[SourceQuality "1"]

1. c4 Nf6 2. Nc3 g6 3. Nf3 d6 4. d4 Bg7 5. e4 0-0 6. g3 e5 7. Bg2 exd4 8. Nxd4 Re8 9. 0-0 Nbd7 10. Bg5 h6 11. Be3 Nc5 12. Qc2 Ng4 13. b4 Nxe3 14. fxe3 Nd7 15. Qf2 Ne5 16. c5 dxc5 17. bxc5 c6 18. Nce2 Qe7 19. Rac1 Nd3 20. Qf3 Nxc1 21. Rxc1 Be6 22. Nxe6 fxe6 23. Nf4 Qf6 24. e5 Qxe5 25. Nxg6 Qf5 26. Qxf5 exf5 27. Re1 Bd4 28. Kf2 Rxe3 29. Rxe3 Re8 30. Ne7+ Rxe7 31. Bd5+ cxd5 32. Kf3 Rxe3+ 33. Kf4 Bxc5 34. Kxf5 d4 35. g4 d3 36. g5 hxg5 37. Kg6 d2 38. a4 d1Q 39. a5 Qd6+ 40. Kh5 Re4 41. h4 Rxh4+ 42. Kxg5 Qf4+ 43. Kg6 Rh6# 0-1

[Event "Titled Tuesday intern op 12th Jan"]
[Site "Chess.com INT"]
[Date "2021.01.12"]
[Round "1"]
[White "Seul, Georg"]
[Black "Kaiyrbekov, Rustam"]
[Result "1-0"]
[WhiteElo "2372"]
[BlackElo "2338"]
[PlyCount "103"]
[EventDate "2021.01.12"]
[EventType "swiss (blitz)"]
[EventRounds "11"]
[EventCountry "USA"]
[SourceTitle "CBM 200 Extra"]
[Source "ChessBase"]
[SourceDate "2021.03.31"]
[SourceVersion "1"]
[SourceVersionDate "2021.03.31"]
[SourceQuality "1"]

1. e4 c5 2. d3 Nc6 3. f4 d5 4. Be2 dxe4 5. dxe4 Qxd1+ 6. Bxd1 Bd7 7. Be3 e5 8. Nc3 Nf6 9. Nd5 exf4 10. Bxf4 Nxd5 11. exd5 Ne7 12. c4 Nf5 13. Nf3 g6 14. Be5 Bg7 15. Bxg7 Nxg7 16. 0-0 0-0 17. Bc2 Nf5 18. Ne5 Ne3 19. Nxd7 Nxc2 20. Nxf8 Nxa1 21. Nd7 Nc2 22. Nxc5 Rc8 23. Nxb7 Rxc4 24. Rc1 Rc7 25. Na5 Rc5 26. b4 Rc3 27. d6 Kf8 28. Nb3 Rd3 29. Rxc2 Rxd6 30. Kf2 f5 31. Nc5 Rc6 32. Re2 Kf7 33. Rd2 a5 34. a3 axb4 35. Ke3 bxa3 36. Nd3 Rc3 37. Kd4 Rb3 38. Ra2 Kf6 39. Kc4 Rb8 40. Rxa3 Rc8+ 41. Kd4 Rd8+ 42. Ke3 Re8+ 43. Kf2 Rd8 44. Ra6+ Kg5 45. Ne5 Re8 46. Nf3+ Kh6 47. Kg3 Re4 48. h4 Rc4 49. Ra7 Rg4+ 50. Kh3 Rc4 51. Ng5 Rg4 52. Rxh7# 1-0

[Event "Titled Tuesday intern op 12th Jan"]
[Site "Chess.com INT"]
[Date "2021.01.12"]
[Round "3"]
[White "Shirazi, Kamran"]
[Black "Kaiyrbekov, Rustam"]
[Result "1-0"]
[WhiteElo "2349"]
[BlackElo "2338"]
[PlyCount "69"]
[EventDate "2021.01.12"]
[EventType "swiss (blitz)"]
[EventRounds "11"]
[EventCountry "USA"]
[SourceTitle "CBM 200 Extra"]
[Source "ChessBase"]
[SourceDate "2021.03.31"]
[SourceVersion "1"]
[SourceVersionDate "2021.03.31"]
[SourceQuality "1"]

1. g3 c6 2. Bg2 d5 3. d3 e5 4. Nf3 f5 5. Nxe5 Nf6 6. 0-0 Bd6 7. Nf3 0-0 8. c4 Be6 9. Nd4 Bf7 10. Nxf5 Qc8 11. Nxd6 Qe6 12. Nxf7 Qxf7 13. cxd5 Nxd5 14. Nc3 Nd7 15. Nxd5 cxd5 16. e4 d4 17. f4 Rac8 18. e5 b6 19. Bh3 Rc7 20. e6 Qe7 21. exd7 Qd6 22. Qb3+ Kh8 23. Be6 a5 24. f5 a4 25. Qxa4 b5 26. Qb3 b4 27. Bf4 Qc6 28. Bxc7 Qxc7 29. Qxb4 Rd8 30. Qe7 h6 31. Qe8+ Kh7 32. Bg8+ Kh8 33. Bf7+ Rxe8 34. dxe8Q+ Kh7 35. Bg6# 1-0